Statistics for Country Tile select

Click here to take the quiz!

General Stats

  • This quiz has been taken 22 times
  • The average score is 59 of 80

Answer Stats

QuestionTileSelect% Correct
countries with a multiple word capital.ItalyNo
100%
landlocked countries.MauritaniaNo
100%
countries with a multiple word capital.NigeriaNo
100%
countries with a multiple word capital.North KoreaNo
100%
countries with a multiple word capital.ArmeniaNo
94%
countries with a multiple word capital.HondurasNo
94%
landlocked countries.SyriaNo
94%
countries that have changed their name (Since 1930)ArgentinaNo
89%
landlocked countries.BelgiumNo
89%
landlocked countries.BoliviaYes
89%
countries still with a monarchyBrazilNo
89%
countries with a multiple word capital.BrazilNo
89%
landlocked countries.CambodiaNo
89%
countries that have changed their name (Since 1930)CanadaNo
89%
landlocked countries.EcuadorNo
89%
countries with a multiple word capital.FijiNo
89%
countries with a multiple word capital.GabonNo
89%
countries still with a monarchyPhilippinesNo
89%
countries still with a monarchyPolandNo
89%
landlocked countries.SwitzerlandYes
89%
landlocked countries.TurkmenistanYes
89%
countries with a multiple word capital.ArgentinaYes
83%
landlocked countries.Bosnia & HerzegovinaNo
83%
countries that have changed their name (Since 1930)Costa RicaNo
83%
countries that have changed their name (Since 1930)EgyptNo
83%
countries still with a monarchyIrelandNo
83%
landlocked countries.MaliYes
83%
countries part of the E.U.PortugalYes
83%
countries part of the E.U.RomaniaYes
83%
countries with a multiple word capital.AndorraYes
78%
countries that have changed their name (Since 1930)ArmeniaNo
78%
countries with a multiple word capital.BoliviaYes
78%
countries part of the E.U.CroatiaYes
78%
countries that have changed their name (Since 1930)Democratic Rep. of the CongoYes
78%
countries part of the E.U.GreeceYes
78%
countries still with a monarchyIranNo
78%
countries with a multiple word capital.KuwaitYes
78%
landlocked countries.LaosYes
78%
countries part of the E.U.LatviaYes
78%
countries still with a monarchySpainYes
78%
countries that have changed their name (Since 1930)Sri LankaYes
78%
countries part of the E.U.SwedenYes
78%
countries still with a monarchySyriaNo
78%
countries part of the E.U.United KingdomNo
78%
countries still with a monarchyEgyptNo
72%
landlocked countries.KenyaNo
72%
countries part of the E.U.LiechtensteinNo
72%
landlocked countries.MalawiYes
72%
countries still with a monarchyNetherlandsYes
72%
countries still with a monarchyQatarYes
72%
countries part of the E.U.Serbia,No
72%
countries part of the E.U.SloveniaYes
72%
countries part of the E.U.AlbaniaNo
67%
countries part of the E.U.AndorraNo
67%
countries still with a monarchyBruneiYes
67%
landlocked countries.BulgariaNo
67%
landlocked countries.EthiopiaYes
67%
countries that have changed their name (Since 1930)KyrgyzstanNo
67%
countries part of the E.U.Norway,No
67%
countries that have changed their name (Since 1930)OmanNo
67%
countries part of the E.U.SwitzerlandNo
67%
countries that have changed their name (Since 1930)ZimbabweYes
67%
countries that have changed their name (Since 1930)BangladeshYes
61%
countries part of the E.U.CyprusYes
61%
countries still with a monarchyJapanYes
61%
countries still with a monarchyLiechtensteinYes
61%
countries with a multiple word capital.Papua New GuineaYes
61%
countries with a multiple word capital.BruneiYes
56%
countries with a multiple word capital.KazakhstanYes
56%
countries part of the E.U.MontenegroNo
56%
countries still with a monarchyMoroccoYes
56%
countries that have changed their name (Since 1930)IranYes
50%
countries that have changed their name (Since 1930)SudanNo
50%
countries still with a monarchyAndorraYes
44%
countries with a multiple word capital.GrenadaYes
44%
countries that have changed their name (Since 1930)ThailandYes
44%
landlocked countries.AzerbaijanYes
39%
countries that have changed their name (Since 1930)IndonesiaYes
39%
countries that have changed their name (Since 1930)CambodiaYes
33%
countries still with a monarchyDenmarkNo
22%

Score Distribution

Percentile by Number Answered

Percent of People with Each Score

Your Score History

You have not taken this quiz